Relativistic quantum physics : (رقم التسجيلة. 26755)
[ عرض عادي ]
| 000 -الفاتح | |
|---|---|
| حقل البيانات ثابتة الطول | 02698cam a2200289 a 4500 |
| 001 - رقم الضبط | |
| رقم الضبط | 727702126 |
| 003 - محدد رقم الضبط | |
| رقم الضبط | OCoLC |
| 005 - وقت وتاريخ اخر تعامل مع التسجيلة | |
| رقم الضبط | 20150408114109.0 |
| 008 - عناصر البيانات ثابتة الطول - معلومات عامة | |
| حقل البيانات ثابتة الطول | 110505s2011 enk b 001 0 eng |
| 010 ## - رقم ضبط مكتبة الكونجرس | |
| رقم ضبط مكتبة الكونجرس | 2011018860 |
| 020 ## - الرقم الدولى المعيارى للكتب | |
| الرقم الدولى المعيارى للكتاب | 9780521767262 (hardback) |
| 020 ## - الرقم الدولى المعيارى للكتب | |
| الرقم الدولى المعيارى للكتاب | 0521767261 (hardback) |
| 035 ## - رقم ضبط النظام | |
| رقم ضبط النظام | (OCoLC)727702126 |
| 040 ## - مصدر الفهرسة | |
| وكالة الفهرسة الأصلية | DLC |
| لغة الفهرسة | eng |
| وكالة النسخ | DLC |
| وكالة التعديل | YDX |
| -- | BTCTA |
| -- | YDXCP |
| -- | UKMGB |
| -- | CDX |
| -- | DEBBG |
| -- | BWX |
| 042 ## - رمز التحقق | |
| رمز التحقق | pcc |
| 050 00 - رقم طلب مكتبة الكونجرس | |
| رقم التصنيف | QC174.12 |
| رقم المادة | .O35 2011 |
| 082 00 - رقم تصنيف ديوى العشرى | |
| رقم التصنيف | 530.12 |
| رقم الطبعة | 23 |
| رقم المادة | OTR |
| 100 1# - المدخل الرئيسى - إسم شخصى | |
| الإسم الشخصى | Ohlsson, Tommy, |
| التواريخ المصاحبة للاسم | 1973- |
| 9 (RLIN) | 19356 |
| 245 10 - بيان العنوان | |
| العنوان | Relativistic quantum physics : |
| بقية العنوان | from advanced quantum mechanics to introductory quantum field theory / |
| بيان المسئوليه,etc | Tommy Ohlsson. |
| 260 ## - PUBLICATION, DISTRIBUTION, ETC. (IMPRINT) | |
| مكان الناشر او الموزع | Cambridge, UK ; |
| -- | New York : |
| اسم الناشر او الموزع | Cambridge University Press, |
| تاريخ النشر أو التوزيع | 2011. |
| 300 ## - الوصف المادى | |
| التعداد | xii, 297 p. ; |
| أبعاد الوعاء | 26 cm. |
| 504 ## - تبصرة ببليوجرافية | |
| تبصرة ببليوجرافية,الخ | Includes bibliographical references and index. |
| 505 8# - تبصرة محتويات-الفهرس | |
| تبصرة المحتويات المصاغة | Machine generated contents note: 1. Introduction to relativistic quantum mechanics; 2. The Klein-Gordon equation; 3. The Dirac equation; 4. Quantization of the non-relativistic string; 5. Introduction to relativistic quantum field theory: propagators, interactions, and all that; 6. Quantization of the Klein-Gordon field; 7. Quantization of the Dirac field; 8. Maxwell's equations and quantization of the electromagnetic field; 9. The electromagnetic Lagrangian and introduction to Yang-Mills theory; 10. Asymptotic fields and the LSZ formalism; 11. Perturbation theory; 12. Elementary processes of quantum electrodynamics; 13. Introduction to regularization, renormalization, and radiative corrections; Appendix; Index. |
| 520 ## - التبصرة الخاصة بالتعليق أو التلخيص | |
| ملخص,الخ | "Quantum physics and special relativity theory were two of the greatest breakthroughs in physics during the twentieth century and contributed to paradigm shifts in physics. This book combines these two discoveries to provide a complete description of the fundamentals of relativistic quantum physics, guiding the reader effortlessly from relativistic quantum mechanics to basic quantum field theory. The book gives a thorough and detailed treatment of the subject, beginning with the classification of particles, the Klein-Gordon equation and the Dirac equation. It then moves on to the canonical quantization procedure of the Klein-Gordon, Dirac and electromagnetic fields. Classical Yang-Mills theory, the LSZ formalism, perturbation theory, elementary processes in QED are introduced, and regularization, renormalization and radiative corrections are explored. With exercises scattered through the text and problems at the end of most chapters, the book is ideal for advanced undergraduate and graduate students in theoretical physics"-- |
| 650 #0 - المدخل الاضافى بالموضوع-مصطلح موضوعى | |
| مصطلح موضوعي أو اسم جغرافي كعنصر مدخل | Quantum theory. |
| 9 (RLIN) | 8263 |
| 942 ## - عناصر المدخل الإضافي( كوها) | |
| مصدر التصنيف او مخطط الترفيف | Dewey Decimal Classification |
| Koha [default] item type | DVD |
| حالة الفقد | نموذج السعر الفعال | حالة تلف | ليس للاعارة | رقم الطلب | تاريخ الاكتساب | الموقع الحالي | الباركود | الفرع الرئيسي | Date last seen | نوع المادة فى نظام كوها | مصدر التصنيف او خطة الترفيف | Total Checkouts |
|---|---|---|---|---|---|---|---|---|---|---|---|---|
| 2013-03-10 | 530.12 OTR | 2012-12-31 | المكتبة المركزية بالمجمعة (CL) | 00401261 | المكتبة المركزية بالمجمعة (CL) | 2013-03-10 | كتاب | Dewey Decimal Classification | ||||
| 2013-03-10 | 530.12 OTR | 2013-01-05 | المكتبة المركزية بالمجمعة (CL) | 00401534 | المكتبة المركزية بالمجمعة (CL) | 2013-03-10 | كتاب | Dewey Decimal Classification | ||||
| 2013-03-10 | 530.12 OTR | 2013-01-05 | المكتبة المركزية بالمجمعة (CL) | 00401535 | المكتبة المركزية بالمجمعة (CL) | 2013-03-10 | كتاب | Dewey Decimal Classification |
